Don't act off your own bat (Record no. 80759)

MARC details
000 -LEADER
fixed length control field 01003cab a22002295a 4500
001 - CONTROL NUMBER
control field L145277
008 - FIXED-LENGTH DATA ELEMENTS--GENERAL INFORMATION
fixed length control field 080923e20080920xxka f g 000 0 eng d
035 ## - SYSTEM CONTROL NUMBER
System control number (Sirsi) u145277
041 0# - LANGUAGE CODE
Language code of text/sound track or separate title eng
100 1# - MAIN ENTRY--PERSONAL NAME
Personal name Smith, Darran
245 00 - TITLE STATEMENT
Title Don't act off your own bat
260 ## - PUBLICATION, DISTRIBUTION, ETC.
Date of publication, distribution, etc. 2008
490 ## - SERIES STATEMENT
Series statement Estates Gazette
Volume/sequential designation (0837) 20 September 2008, 144-145(2)
520 ## - SUMMARY, ETC.
Summary, etc. Mainly for Students article looks at the preservation of wildlife including bats and newts and suggests that developers must pay careful attention to UK and EU legislation before risking harming local wildlife. The author recommends seeking early expert advice when in doubt and looks at planning and EPS licences (European protected species).
590 ## - LOCAL NOTE (RLIN)
Local note KA
650 24 - SUBJECT ADDED ENTRY--TOPICAL TERM
Topical term or geographic name entry element R (ON THE APPLICATION OF NEWSUM) V WELSH ASSEMBLY (NO 2)
650 24 - SUBJECT ADDED ENTRY--TOPICAL TERM
Topical term or geographic name entry element R V CORNWALL COUNTY COUNCIL EX PARTE HARDY
650 24 - SUBJECT ADDED ENTRY--TOPICAL TERM
Topical term or geographic name entry element WILDLIFE AND COUNTRYSIDE ACT 1981
651 #4 - SUBJECT ADDED ENTRY--GEOGRAPHIC NAME
Geographic name United Kingdom
Chronological subdivision
690 ## - LOCAL SUBJECT ADDED ENTRY--TOPICAL TERM (OCLC, RLIN)
Topical term or geographic name as entry element Planning and development
9 (RLIN) 6259
942 ## - ADDED ENTRY ELEMENTS (KOHA)
Suppress in OPAC 0
Holdings
Withdrawn status Lost status Source of classification or shelving scheme Damaged status Not for loan Home library Current library Shelving location Date acquired Total Checkouts Full call number Barcode Date last seen Copy number Price effective from Koha item type
    Dewey Decimal Classification     London London Journal article 23/09/2008   L145277 145277-1001 06/08/2019 1 06/08/2019 Journal article